[Event "IND-ch U25 26th"]
[Site "Port Blair"]
[Date "2017.07.18"]
[Round "8"]
[White "Roy, Pallabi"]
[Black "Nirmalya, Bose"]
[Result "1-0"]
[WhiteElo "1878"]
[BlackElo "1661"]
[PlyCount "37"]
[EventDate "2017.07.13"]
[EventType "swiss"]
[EventRounds "9"]
[EventCountry "IND"]
[SourceTitle "EXT 2018"]
[Source "ChessBase"]
[SourceDate "2017.10.13"]
[SourceVersion "1"]
[SourceVersionDate "2017.10.13"]
[SourceQuality "1"]

1. d4 d5 2. Nf3 Nf6 3. Bf4 e6 4. e3 c5 5. c3 Nc6 6. Nbd2 Be7 7. Bd3 c4 8. Bc2 b5 9. Ne5 Nxe5 10. Bxe5 Bb7 11. g4 0-0 12. g5 Nd7 13. Bxh7+ Kxh7 14. Qh5+ Kg8 15. Bxg7 Kxg7 16. Qh6+ Kg8 17. g6 Nf6 18. Rg1 Bd6 19. g7 1-0

[Event "IND-ch U25 26th"]
[Site "Port Blair"]
[Date "2017.07.16"]
[Round "6"]
[White "Roy, Pallabi"]
[Black "Aasha, CR."]
[Result "1-0"]
[WhiteElo "1878"]
[BlackElo "1675"]
[PlyCount "71"]
[EventDate "2017.07.13"]
[EventType "swiss"]
[EventRounds "9"]
[EventCountry "IND"]
[SourceTitle "EXT 2018"]
[Source "ChessBase"]
[SourceDate "2017.10.13"]
[SourceVersion "1"]
[SourceVersionDate "2017.10.13"]
[SourceQuality "1"]

1. d4 Nf6 2. Nf3 e6 3. Bf4 b6 4. e3 Bb7 5. Nbd2 Be7 6. Bd3 0-0 7. Qe2 d6 8. h4 Nbd7 9. Rg1 Nd5 10. Ng5 N7f6 11. c3 Nxf4 12. exf4 h6 13. Nh3 c5 14. g4 cxd4 15. cxd4 d5 16. g5 Ne4 17. gxh6 Bf6 18. hxg7 Re8 19. Qh5 Bxg7 20. f3 Qf6 21. fxe4 dxe4 22. Nxe4 Qxd4 23. Nd6 Re7 24. Qh7+ Kf8 25. Qxg7+ Qxg7 26. Rxg7 Kxg7 27. Nxb7 Rxb7 28. Be4 Rab8 29. Bxb7 Rxb7 30. Rc1 Rd7 31. Ke2 Kg6 32. Nf2 Kh5 33. Rg1 Kxh4 34. Rg4+ Kh5 35. Rg5+ Kh6 36. Ng4+ 1-0

[Event "IND-ch Challengers (Women) 43rd"]
[Site "Chennai"]
[Date "2016.06.20"]
[Round "5"]
[White "Jain, Nityata"]
[Black "Roy, Pallabi"]
[Result "1-0"]
[WhiteElo "1572"]
[BlackElo "1879"]
[PlyCount "49"]
[EventDate "2016.06.17"]
[EventType "swiss"]
[EventRounds "11"]
[EventCountry "IND"]
[SourceTitle "CBM 173 Extra"]
[Source "ChessBase"]
[SourceDate "2016.08.29"]
[SourceVersion "1"]
[SourceVersionDate "2016.08.29"]
[SourceQuality "1"]

1. e4 e5 2. Nf3 Nc6 3. d4 exd4 4. Nxd4 Bc5 5. Be3 Qf6 6. c3 Nge7 7. Bc4 d6 8. 0-0 0-0 9. Nxc6 Nxc6 10. Bxc5 dxc5 11. Nd2 Ne5 12. Be2 Rd8 13. Qc2 Ng6 14. Rad1 Nf4 15. Nc4 Be6 16. Ne3 Nxe2+ 17. Qxe2 Bxa2 18. c4 a5 19. Nd5 Qh6 20. Nxc7 Rac8 21. Nd5 Re8 22. Ra1 Bb3 23. Rxa5 Qc6 24. Qd3 Ba4 25. Ra1 1-0

[Event "IND-ch Challengers (Women) 43rd"]
[Site "Chennai"]
[Date "2016.06.18"]
[Round "2"]
[White "Roy, Pallabi"]
[Black "Nandhidhaa, PV."]
[Result "0-1"]
[WhiteElo "1879"]
[BlackElo "2151"]
[PlyCount "78"]
[EventDate "2016.06.17"]
[EventType "swiss"]
[EventRounds "11"]
[EventCountry "IND"]
[SourceTitle "CBM 173 Extra"]
[Source "ChessBase"]
[SourceDate "2016.08.29"]
[SourceVersion "1"]
[SourceVersionDate "2016.08.29"]
[SourceQuality "1"]

1. e4 c5 2. Nf3 e6 3. d4 cxd4 4. Nxd4 a6 5. c4 Qc7 6. Nc3 Nf6 7. Be3 Bb4 8. Bd3 Bxc3+ 9. bxc3 0-0 10. 0-0 e5 11. Ne2 d6 12. h3 Be6 13. Ng3 Nbd7 14. f4 Bxc4 15. Bxc4 Qxc4 16. Qxd6 Qxc3 17. Nf5 Rad8 18. fxe5 Nxe5 19. Bd4 Rxd6 20. Bxc3 Re6 21. Nd4 Rb6 22. Ba5 Rd6 23. Bc7 Rxd4 24. Bxe5 Rxe4 25. Bxf6 gxf6 26. Rxf6 Rd8 27. Rb1 Rd7 28. Rfb6 Re2 29. Rxb7 Rdd2 30. a4 Rxg2+ 31. Kh1 Rh2+ 32. Kg1 Rdg2+ 33. Kf1 Ra2 34. Kg1 Rxh3 35. Rf1 Rg3+ 36. Kh1 Rxa4 37. Kh2 Rg6 38. Kh3 Ra3+ 39. Kh2 Ra5 0-1

[Event "IND-chB (Women)"]
[Site "Shilpgram"]
[Date "2010.08.22"]
[Round "3"]
[White "Akhade, Vaishnavi"]
[Black "Roy, Pallabi"]
[Result "0-1"]
[WhiteElo "1614"]
[BlackElo "1984"]
[PlyCount "92"]
[EventDate "2010.08.20"]
[EventType "swiss"]
[EventRounds "11"]
[EventCountry "IND"]
[SourceTitle "CBM 138 Extra"]
[Source "ChessBase"]
[SourceDate "2010.10.29"]
[SourceVersion "1"]
[SourceVersionDate "2010.10.29"]
[SourceQuality "1"]

1. d4 d5 2. e3 e6 3. Bd3 Nf6 4. f4 Bd6 5. Nf3 Nc6 6. c3 Qe7 7. Nbd2 Ng4 8. Qe2 f6 9. Nf1 e5 10. fxe5 fxe5 11. e4 exd4 12. Bg5 Nf6 13. exd5 Qxe2+ 14. Bxe2 Nxd5 15. cxd4 h6 16. Bd2 Nf4 17. Bxf4 Bxf4 18. Kf2 0-0 19. g3 Bd6 20. Kg2 Bg4 21. Bc4+ Kh8 22. N1d2 Bb4 23. d5 Bxd2 24. Nxd2 Ne5 25. Rhf1 Nxc4 26. Nxc4 Be2 27. Rxf8+ Rxf8 28. Ne3 Bf3+ 29. Kg1 Rd8 30. Kf2 Bxd5 31. Nxd5 Rxd5 32. Re1 Rd2+ 33. Re2 Rxe2+ 34. Kxe2 Kg8 35. Kd3 Kf7 36. Kd4 Kf6 37. Kd5 Kf5 38. b4 g5 39. a4 a6 40. a5 h5 41. Kd4 Kg4 42. Ke3 Kh3 43. Kf3 g4+ 44. Ke2 Kxh2 45. Kf2 Kh3 46. Kg1 Kxg3 0-1

[Event "IND-chB (Women)"]
[Site "Shilpgram"]
[Date "2010.08.22"]
[Round "4"]
[White "Roy, Pallabi"]
[Black "Pujari, Rucha"]
[Result "0-1"]
[WhiteElo "1984"]
[BlackElo "2074"]
[PlyCount "70"]
[EventDate "2010.08.20"]
[EventType "swiss"]
[EventRounds "11"]
[EventCountry "IND"]
[SourceTitle "CBM 138 Extra"]
[Source "ChessBase"]
[SourceDate "2010.10.29"]
[SourceVersion "1"]
[SourceVersionDate "2010.10.29"]
[SourceQuality "1"]

1. e4 c5 2. Nf3 g6 3. d4 cxd4 4. Nxd4 Nf6 5. f3 Nc6 6. c4 Bg7 7. Nc3 Nxe4 8. Nxc6 Nxc3 9. Nxd8 Nxd1 10. Nxf7 Kxf7 11. Kxd1 d6 12. Bd3 Be6 13. Rb1 b5 14. cxb5 Bxa2 15. Ra1 Bb3+ 16. Ke2 d5 17. Ra3 Bc4 18. Bxc4 dxc4 19. Be3 Rhb8 20. Rxa7 Rxa7 21. Bxa7 Rxb5 22. Rb1 Ke6 23. Ke3 Rb3+ 24. Kd2 Rxb2+ 25. Rxb2 c3+ 26. Kc2 cxb2 27. Bc5 Bf6 28. f4 Kf5 29. Be3 Bc3 30. Bc5 e6 31. Bd6 h5 32. Bc7 Ke4 33. Bd6 Ke3 34. g3 Kf3 35. Be7 Kg2 0-1

[Event "IND-ch (Women)"]
[Site "Chennai"]
[Date "2009.12.12"]
[Round "11"]
[White "Pon, Namasivayam Krithik"]
[Black "Roy, Pallabi"]
[Result "1-0"]
[WhiteElo "2196"]
[BlackElo "2042"]
[PlyCount "125"]
[EventDate "2009.12.02"]
[EventType "swiss"]
[EventRounds "11"]
[EventCountry "IND"]
[SourceTitle "EXT 2011"]
[Source "ChessBase"]
[SourceDate "2010.11.26"]
[SourceVersion "1"]
[SourceVersionDate "2010.11.26"]
[SourceQuality "1"]

1. e4 c5 2. Nf3 Nc6 3. d4 cxd4 4. Nxd4 e5 5. Nb5 d6 6. N1c3 a6 7. Na3 b5 8. Nd5 Nce7 9. c4 Nxd5 10. Qxd5 Be6 11. Qc6+ Bd7 12. Qb7 b4 13. Qxb4 d5 14. Qc3 dxe4 15. Qxe5+ Be6 16. Nc2 Nf6 17. Bg5 Bd6 18. Qc3 Be7 19. Be2 0-0 20. 0-0 Qc7 21. g3 Rac8 22. b3 h6 23. Be3 Nd5 24. Qd2 Nxe3 25. Nxe3 Bc5 26. b4 Rfd8 27. Qc2 Bxb4 28. Qxe4 Qc5 29. Rfd1 Re8 30. Bd3 g6 31. Qf4 Kg7 32. Rac1 a5 33. Bf1 Ba3 34. Rb1 Red8 35. Rb5 Rxd1 36. Rxc5 Rxf1+ 37. Kxf1 Bxc5 38. Nd5 h5 39. Qe5+ Kh6 40. h4 Bh3+ 41. Kg1 Be6 42. Nc7 Bb4 43. Nxe6 fxe6 44. Qxe6 Rf8 45. f4 Rf5 46. Kf2 Kg7 47. Ke3 Be1 48. Kf3 Bb4 49. Qd7+ Kh6 50. Ke4 Be1 51. c5 Bxg3 52. c6 Rxf4+ 53. Ke3 Rxh4 54. c7 Bxc7 55. Qxc7 a4 56. Qd8 Rg4 57. Kf3 g5 58. Qf6+ Kh7 59. Ke3 Rg3+ 60. Kd4 h4 61. a3 Rg4+ 62. Ke5 h3 63. Qf5+ 1-0

[Event "IND-ch (Women)"]
[Site "Chennai"]
[Date "2009.12.02"]
[Round "1"]
[White "Bhakti, Kulkarni"]
[Black "Roy, Pallabi"]
[Result "1-0"]
[WhiteElo "2263"]
[BlackElo "2042"]
[PlyCount "39"]
[EventDate "2009.12.02"]
[EventType "swiss"]
[EventRounds "11"]
[EventCountry "IND"]
[SourceTitle "EXT 2011"]
[Source "ChessBase"]
[SourceDate "2010.11.26"]
[SourceVersion "1"]
[SourceVersionDate "2010.11.26"]
[SourceQuality "1"]

1. d4 d5 2. Nf3 Nf6 3. e3 e6 4. Bd3 c5 5. b3 Qa5+ 6. c3 Nc6 7. 0-0 cxd4 8. exd4 Bd6 9. Qe2 0-0 10. Ne5 Qc7 11. f4 Re8 12. Bb2 a6 13. Nd2 Ne7 14. Ndf3 h6 15. Rae1 b5 16. g4 Bb7 17. Nxf7 Bc8 18. Nxd6 Qxd6 19. g5 hxg5 20. fxg5 1-0

[Event "IND Challenger (Women)"]
[Site "Nagpur"]
[Date "2009.09.14"]
[Round "10"]
[White "Supriya, Maji"]
[Black "Roy, Pallabi"]
[Result "1/2-1/2"]
[WhiteElo "2107"]
[BlackElo "2036"]
[PlyCount "52"]
[EventDate "2009.09.07"]
[EventType "swiss"]
[EventRounds "11"]
[EventCountry "IND"]
[SourceTitle "CBM 132 Extra"]
[Source "ChessBase"]
[SourceDate "2009.11.03"]
[SourceVersion "1"]
[SourceVersionDate "2009.11.03"]
[SourceQuality "1"]

1. e4 e5 2. Nf3 Nc6 3. Bc4 Bc5 4. c3 Nf6 5. d4 exd4 6. cxd4 Bb4+ 7. Bd2 Bxd2+ 8. Nbxd2 d5 9. exd5 Nxd5 10. Qb3 Na5 11. Qa4+ Nc6 12. Qb3 Na5 13. Qa4+ Nc6 14. Bb5 Bd7 15. Qb3 Be6 16. Qa4 Bd7 17. Qb3 Be6 18. Qa4 Bd7 19. Qc4 Nb6 20. Qe2+ Qe7 21. Qxe7+ Nxe7 22. Bxd7+ Nxd7 23. Rc1 c6 24. Ne5 Nxe5 25. dxe5 0-0-0 26. Nc4 Rhf8 1/2-1/2

[Event "IND Challenger (Women)"]
[Site "Nagpur"]
[Date "2009.09.13"]
[Round "9"]
[White "Thipsay, Bagyashree Sathe"]
[Black "Roy, Pallabi"]
[Result "1/2-1/2"]
[WhiteElo "2186"]
[BlackElo "2036"]
[PlyCount "50"]
[EventDate "2009.09.07"]
[EventType "swiss"]
[EventRounds "11"]
[EventCountry "IND"]
[SourceTitle "CBM 132 Extra"]
[Source "ChessBase"]
[SourceDate "2009.11.03"]
[SourceVersion "1"]
[SourceVersionDate "2009.11.03"]
[SourceQuality "1"]

1. e4 d5 2. exd5 Qxd5 3. Nc3 Qd6 4. d4 Nf6 5. Nf3 c6 6. Ne5 Nbd7 7. Nc4 Qc7 8. Qf3 Nb6 9. Ne5 Be6 10. Be2 g6 11. 0-0 Bg7 12. Qg3 Bf5 13. Bf4 Qd8 14. Bd3 Nh5 15. Qe3 Bxd3 16. cxd3 Nxf4 17. Qxf4 0-0 18. Rfe1 Nd5 19. Qd2 e6 20. Ne4 Nb6 21. Qe3 Nd5 22. Qd2 Nb6 23. Qe3 Nd5 24. Qd2 Nb6 25. Qe3 Nd5 1/2-1/2

[Event "Balaguer op 14th"]
[Site "Balaguer"]
[Date "2009.07.14"]
[Round "2"]
[White "Roy, Pallabi"]
[Black "Ferrer Font, Jordi"]
[Result "1-0"]
[WhiteElo "2058"]
[BlackElo "1786"]
[PlyCount "71"]
[EventDate "2009.07.13"]
[EventType "swiss"]
[EventRounds "10"]
[EventCountry "ESP"]
[SourceTitle "CBM 131 Extra"]
[Source "ChessBase"]
[SourceDate "2009.09.03"]
[SourceVersion "2"]
[SourceVersionDate "2009.09.16"]
[SourceQuality "1"]

1. e4 c6 2. d4 d5 3. Nd2 dxe4 4. Nxe4 Bf5 5. Ng3 Bg6 6. Nh3 e6 7. Nf4 Bd6 8. h4 Qc7 9. Nxg6 hxg6 10. Ne4 Be7 11. g3 Nf6 12. Bg2 Nxe4 13. Bxe4 Nd7 14. Qf3 Nf6 15. Bf4 Qa5+ 16. Bd2 Qb6 17. 0-0-0 Nxe4 18. Qxe4 0-0-0 19. Bf4 Bf6 20. c3 Qa5 21. Kb1 Qd5 22. Qe3 Rhe8 23. Rde1 Re7 24. g4 Red7 25. Qe2 Rh8 26. Bg3 Rdd8 27. Qe3 Be7 28. Qf4 Bd6 29. Qxf7 Bxg3 30. fxg3 Kb8 31. Qxe6 Qf3 32. Qxg6 Qxg3 33. h5 Rhf8 34. Rhg1 Qh2 35. Qxg7 Rfe8 36. Qf6 1-0

[Event "Sort op 5th"]
[Site "Sort"]
[Date "2009.06.30"]
[Round "7"]
[White "Beltre, Pedro"]
[Black "Roy, Pallabi"]
[Result "0-1"]
[WhiteElo "1967"]
[BlackElo "2061"]
[PlyCount "148"]
[EventDate "2009.06.24"]
[EventType "swiss"]
[EventRounds "9"]
[EventCountry "ESP"]
[SourceTitle "CBM 131 Extra"]
[Source "ChessBase"]
[SourceDate "2009.09.03"]
[SourceVersion "2"]
[SourceVersionDate "2009.09.16"]
[SourceQuality "1"]

1. e4 d5 2. exd5 Qxd5 3. Nc3 Qd6 4. Nf3 Nf6 5. Be2 c6 6. 0-0 Bg4 7. h3 Bh5 8. d3 e6 9. Bg5 Nbd7 10. Qd2 Qc7 11. Rad1 Be7 12. Rfe1 0-0 13. a3 Rad8 14. Qc1 h6 15. Be3 Nb6 16. Ne4 Nbd5 17. Bd2 Bg6 18. Bf1 Bh5 19. g4 Bg6 20. c4 Nxe4 21. dxe4 Nf6 22. e5 Ne4 23. Be3 f5 24. exf6 Rxf6 25. Rxd8+ Bxd8 26. Bg2 c5 27. Nd2 Nd6 28. Nb3 b6 29. Bf4 Qe7 30. Be5 Rf7 31. Rd1 Bc7 32. Qc3 Ne4 33. Bxe4 Bxe4 34. Bxc7 Qxc7 35. Qe3 Qc6 36. Rd8+ Kh7 37. Nd2 Bh1 38. Qd3+ g6 39. f3 Bxf3 40. Qc3 e5 41. Qxe5 Qf6 42. Qxf6 Rxf6 43. Rd7+ Kg8 44. Rxa7 Be2 45. Re7 Bd3 46. Re3 Rd6 47. Kf2 Kf7 48. Nf3 Kf6 49. Ne5 Bc2 50. Ke2 Rd4 51. Nc6 Rxc4 52. Ne7 Rd4 53. Nc8 b5 54. Rc3 Bd1+ 55. Ke3 Rd5 56. Na7 Re5+ 57. Kd2 Be2 58. Nc6 Re6 59. Rxc5 Bf1 60. Rc3 Bxh3 61. Rxh3 Rxc6 62. Rxh6 Kg5 63. Rh8 Kxg4 64. Rb8 Rc5 65. b4 Rf5 66. Ke2 Kg3 67. Ra8 g5 68. Ra5 g4 69. a4 Rf2+ 70. Ke1 bxa4 71. Rxa4 Rb2 72. Kf1 Kh3 73. Ra3+ g3 74. Rd3 Kh2 0-1

[Event "Sort op 5th"]
[Site "Sort"]
[Date "2009.06.24"]
[Round "1"]
[White "Roeder, Mathias"]
[Black "Roy, Pallabi"]
[Result "1-0"]
[WhiteElo "2426"]
[BlackElo "2061"]
[PlyCount "73"]
[EventDate "2009.06.24"]
[EventType "swiss"]
[EventRounds "9"]
[EventCountry "ESP"]
[SourceTitle "CBM 131 Extra"]
[Source "ChessBase"]
[SourceDate "2009.09.03"]
[SourceVersion "2"]
[SourceVersionDate "2009.09.16"]
[SourceQuality "1"]

1. Nf3 d5 2. c4 dxc4 3. e3 Nf6 4. Bxc4 e6 5. 0-0 c5 6. b3 Be7 7. Bb2 0-0 8. Be2 a6 9. d4 Nbd7 10. Nbd2 b6 11. Qc2 Bb7 12. Rac1 Rc8 13. Qb1 b5 14. Rfd1 Qb6 15. dxc5 Bxc5 16. Bd4 Bxd4 17. Nxd4 Nc5 18. a4 bxa4 19. b4 Nb3 20. N4xb3 axb3 21. Qxb3 Nd5 22. Rxc8 Rxc8 23. Nc4 Qc6 24. Bf1 h6 25. e4 Nf6 26. f3 Rb8 27. Qe3 Ba8 28. Rd6 Qa4 29. Rb6 Rd8 30. Qf4 Qa1 31. Qe5 Qb1 32. Rb8 Qd1 33. Rxd8+ Qxd8 34. Qd6 Qc8 35. Nb6 Qe8 36. Bxa6 Bc6 37. Qc5 1-0

[Event "Asia-ch Children-C"]
[Site "Yakutsk"]
[Date "2008.07.10"]
[Round "6"]
[White "Roy, Pallabi"]
[Black "Zherebtsova, Alexandra"]
[Result "1/2-1/2"]
[WhiteElo "2012"]
[BlackElo "1947"]
[PlyCount "74"]
[EventDate "2008.07.05"]
[EventType "swiss"]
[EventRounds "7"]
[EventCountry "RUS"]
[SourceTitle "EXT 2022"]
[Source "ChessBase"]
[SourceDate "2021.10.06"]
[SourceVersion "1"]
[SourceVersionDate "2021.10.06"]
[SourceQuality "1"]

1. e4 c5 2. Nf3 d6 3. d4 cxd4 4. Nxd4 Nf6 5. f3 a6 6. c4 e6 7. Nc3 Be7 8. Be3 0-0 9. Be2 b6 10. 0-0 Bb7 11. Rc1 Nbd7 12. Qd2 Rc8 13. Rfd1 Qc7 14. Qe1 Ne5 15. b3 Nfd7 16. Qg3 Rfd8 17. h4 Nf6 18. f4 Nc6 19. Bf3 Bf8 20. f5 Re8 21. Nxc6 Bxc6 22. Bg5 Be7 23. Bxf6 Bxf6 24. fxe6 fxe6 25. Nb5 Bxb5 26. cxb5 Qxc1 27. Rxc1 Rxc1+ 28. Kf2 Be5 29. Qg5 Rc2+ 30. Ke3 Rxa2 31. bxa6 Rxa6 32. Bh5 Rc8 33. Qe7 Rc3+ 34. Kd2 Ra2+ 35. Kd1 Rd3+ 36. Kc1 Rc3+ 37. Kd1 Rd3+ 1/2-1/2

[Event "Asia-ch Children-C"]
[Site "Yakutsk"]
[Date "2008.07.08"]
[Round "4"]
[White "Myslevskaya, Izabella"]
[Black "Roy, Pallabi"]
[Result "1-0"]
[WhiteElo "2013"]
[BlackElo "2012"]
[PlyCount "119"]
[EventDate "2008.07.05"]
[EventType "swiss"]
[EventRounds "7"]
[EventCountry "RUS"]
[SourceTitle "EXT 2022"]
[Source "ChessBase"]
[SourceDate "2021.10.06"]
[SourceVersion "1"]
[SourceVersionDate "2021.10.06"]
[SourceQuality "1"]

1. Nf3 d5 2. c4 dxc4 3. Qa4+ Nd7 4. g3 c6 5. Qxc4 e5 6. Bg2 Bd6 7. Nc3 Nb6 8. Qb3 Bf5 9. 0-0 Nf6 10. d4 exd4 11. Nxd4 Bg6 12. Rd1 0-0 13. Ne6 fxe6 14. Qxe6+ Bf7 15. Qxd6 Qe8 16. b3 Bg6 17. Ba3 Rf7 18. Bh3 Nc8 19. Qd8 Nb6 20. Qd6 Nc8 21. Qe6 Ne7 22. e4 b6 23. Bd6 Kh8 24. b4 Qf8 25. Rd4 Re8 26. Rad1 Bh5 27. g4 Nxg4 28. Bxg4 Rf6 29. Bxe7 Rxe6 30. Bxf8 Bxg4 31. Bd6 Bxd1 32. Rxd1 Kg8 33. f4 Rg6+ 34. Kf2 Rh6 35. Kg3 Ree6 36. Be5 Reg6+ 37. Kf2 Rxh2+ 38. Ke3 Rh3+ 39. Kd4 Re6 40. Kc4 g5 41. Rg1 h6 42. Bd4 Rg6 43. f5 Rd6 44. a4 Rh4 45. Rd1 h5 46. a5 Rg4 47. e5 Rd8 48. e6 h4 49. e7 Re8 50. Re1 Kf7 51. f6 h3 52. Ne4 Rxe4 53. Rxe4 h2 54. Re1 bxa5 55. bxa5 g4 56. Be5 g3 57. Bxg3 Kxf6 58. Bd6 Kf7 59. Kc5 Rc8 60. Bxh2 1-0

[Event "Asia-ch Children-C"]
[Site "Yakutsk"]
[Date "2008.07.07"]
[Round "3"]
[White "Roy, Pallabi"]
[Black "Gorozhankina, Julia"]
[Result "1/2-1/2"]
[WhiteElo "2012"]
[BlackElo "2094"]
[PlyCount "41"]
[EventDate "2008.07.05"]
[EventType "swiss"]
[EventRounds "7"]
[EventCountry "RUS"]
[SourceTitle "EXT 2022"]
[Source "ChessBase"]
[SourceDate "2021.10.06"]
[SourceVersion "1"]
[SourceVersionDate "2021.10.06"]
[SourceQuality "1"]

1. e4 c5 2. Nf3 Nc6 3. d4 cxd4 4. Nxd4 g6 5. c4 Bg7 6. Be3 Nf6 7. Nxc6 bxc6 8. Nc3 0-0 9. Be2 Qa5 10. 0-0 Rd8 11. Qd2 d5 12. cxd5 cxd5 13. Rad1 Bb7 14. b4 Qc7 15. Rc1 Qb8 16. exd5 Nxd5 17. Nxd5 Bxd5 18. a3 e6 19. Ba6 Bf6 20. Qc2 Qe5 21. Rfd1 1/2-1/2

[Event "Asia-ch Children-C"]
[Site "Yakutsk"]
[Date "2008.07.06"]
[Round "2"]
[White "Popova, Natalija"]
[Black "Roy, Pallabi"]
[Result "0-1"]
[WhiteElo "2230"]
[BlackElo "2012"]
[PlyCount "40"]
[EventDate "2008.07.05"]
[EventType "swiss"]
[EventRounds "7"]
[EventCountry "RUS"]
[SourceTitle "EXT 2022"]
[Source "ChessBase"]
[SourceDate "2021.10.06"]
[SourceVersion "1"]
[SourceVersionDate "2021.10.06"]
[SourceQuality "1"]

1. e4 d5 2. d3 e5 3. Nc3 c6 4. d4 dxe4 5. d5 Bb4 6. Bd2 Qb6 7. Nh3 Nf6 8. Be3 Qa5 9. Qd2 Nxd5 10. Bc4 Bxh3 11. gxh3 Nxc3 12. 0-0 Nd5 13. Qe2 0-0 14. Qg4 f5 15. Qg5 Kh8 16. a3 Be7 17. b4 Bxg5 18. bxa5 Bxe3 19. fxe3 Nxe3 20. Rf2 Nxc4 0-1

[Event "IND-chB (Women) 35th"]
[Site "Calicut"]
[Date "2008.06.11"]
[Round "8"]
[White "Amrutha, Mokal"]
[Black "Roy, Pallabi"]
[Result "1/2-1/2"]
[WhiteElo "2163"]
[BlackElo "2009"]
[PlyCount "47"]
[EventDate "2008.06.06"]
[EventType "swiss"]
[EventRounds "11"]
[EventCountry "IND"]
[SourceTitle "CBM 124 Extra"]
[Source "ChessBase"]
[SourceDate "2008.07.03"]
[SourceVersion "1"]
[SourceVersionDate "2008.07.03"]
[SourceQuality "1"]

1. e4 d5 2. exd5 Qxd5 3. Nc3 Qd6 4. d4 Nf6 5. Nf3 c6 6. g3 Bg4 7. Bg2 e6 8. 0-0 Nbd7 9. h3 Bh5 10. Bf4 Qb4 11. Qd2 Bd6 12. Ne5 Be7 13. a3 Qb6 14. Nc4 Qd8 15. Nd6+ Bxd6 16. Bxd6 Nb6 17. Bc5 Nbd7 18. Bd6 Nb6 19. Bc5 Nbd7 20. Na4 b5 21. Nc3 Nxc5 22. Bxc6+ Ncd7 23. Bxa8 Qxa8 24. Nxb5 1/2-1/2

[Event "IND-chB (Women) 35th"]
[Site "Calicut"]
[Date "2008.06.10"]
[Round "7"]
[White "Roy, Pallabi"]
[Black "Gagare, Shalmali"]
[Result "1/2-1/2"]
[WhiteElo "2009"]
[BlackElo "2090"]
[PlyCount "37"]
[EventDate "2008.06.06"]
[EventType "swiss"]
[EventRounds "11"]
[EventCountry "IND"]
[SourceTitle "CBM 124 Extra"]
[Source "ChessBase"]
[SourceDate "2008.07.03"]
[SourceVersion "1"]
[SourceVersionDate "2008.07.03"]
[SourceQuality "1"]

1. e4 c6 2. d4 d5 3. Nc3 dxe4 4. Nxe4 Bf5 5. Ng3 Bg6 6. Nh3 e6 7. Nf4 Bd6 8. h4 Bxf4 9. Bxf4 h6 10. c3 Nf6 11. Bd3 Bxd3 12. Qxd3 Nbd7 13. 0-0-0 Qa5 14. Kb1 0-0-0 15. c4 Rhe8 16. Rhe1 c5 17. Ne4 Nxe4 18. Qxe4 f6 19. Bd6 1/2-1/2

[Event "IND-chB (Women) 34th"]
[Site "Hyderabad"]
[Date "2007.05.21"]
[Round "?"]
[White "Sneha, Ghatpande"]
[Black "Roy, Pallabi"]
[Result "0-1"]
[WhiteElo "1886"]
[BlackElo "1956"]
[PlyCount "44"]
[EventDate "2007.05.21"]
[EventType "swiss"]
[EventRounds "11"]
[EventCountry "IND"]
[SourceTitle "EXT 2010"]
[Source "ChessBase"]
[SourceDate "2010.11.25"]
[SourceVersion "1"]
[SourceVersionDate "2010.11.25"]
[SourceQuality "1"]

1. e4 e5 2. Nf3 Nc6 3. Bc4 Bc5 4. 0-0 Nf6 5. d4 exd4 6. e5 d5 7. exf6 dxc4 8. Re1+ Be6 9. Ng5 Qd5 10. Nc3 Qf5 11. Nce4 0-0-0 12. g4 Qe5 13. f4 d3+ 14. Kf1 Qd5 15. f5 gxf6 16. fxe6 fxg5 17. Bxg5 Rdf8 18. cxd3 fxe6+ 19. Kg2 cxd3 20. Rc1 Bf2 21. Qd2 Bxe1 22. Rxe1 Ne5 0-1

[Event "Wch U14 Girls"]
[Site "Batumi"]
[Date "2006.10.20"]
[Round "2"]
[White "Roy, Pallabi"]
[Black "Yu, Hualin"]
[Result "0-1"]
[WhiteElo "1959"]
[BlackElo "2087"]
[PlyCount "84"]
[EventDate "2006.10.19"]
[EventType "swiss"]
[EventRounds "13"]
[EventCountry "GEO"]
[SourceTitle "EXT 2007"]
[Source "ChessBase"]
[SourceDate "2006.11.23"]
[SourceVersion "1"]
[SourceVersionDate "2006.11.23"]
[SourceQuality "1"]

1. e4 c5 2. Nf3 e6 3. d4 cxd4 4. Nxd4 a6 5. Bd3 Qc7 6. 0-0 Nf6 7. c4 b6 8. Nc3 Bb7 9. Qe2 d6 10. f4 Nbd7 11. f5 e5 12. Nb3 h5 13. Nd5 Bxd5 14. cxd5 Qb7 15. Be3 Be7 16. Qf3 Nc5 17. Bc2 0-0 18. Nd2 Ng4 19. Nc4 Nxe3 20. Nxe3 Bg5 21. Rae1 g6 22. g3 b5 23. h4 Bf6 24. Re2 Qa7 25. g4 Bxh4 26. gxh5 g5 27. f6 Nd7 28. Kh1 Kh8 29. Qg4 Qc7 30. Ng2 Rg8 31. Nxh4 gxh4 32. Qxh4 Qc4 33. Ref2 Qd4 34. Qh3 Nc5 35. Qf3 Rg5 36. Rd1 Qxb2 37. Bb3 Qa3 38. Qe3 Rag8 39. Rg2 Rxh5+ 40. Rh2 Rxh2+ 41. Kxh2 Rg6 42. Qh3+ Kg8 0-1

[Event "Asia-ch U14 Girls"]
[Site "Tehran"]
[Date "2006.06.25"]
[Round "3"]
[White "Bhakti, Kulkarni"]
[Black "Roy, Pallabi"]
[Result "1/2-1/2"]
[WhiteElo "2046"]
[BlackElo "1917"]
[PlyCount "52"]
[EventDate "2006.06.24"]
[EventType "swiss"]
[EventRounds "9"]
[EventCountry "IRI"]
[SourceTitle "CBM 113 Extra"]
[Source "ChessBase"]
[SourceDate "2006.09.14"]
[SourceVersion "1"]
[SourceVersionDate "2006.09.14"]
[SourceQuality "1"]

1. c4 e5 2. Nc3 Nf6 3. g3 d5 4. cxd5 Nxd5 5. Bg2 Nb6 6. Nf3 Nc6 7. 0-0 Be7 8. b3 0-0 9. Bb2 Be6 10. Qc2 f5 11. d3 Bf6 12. Nd1 Nd5 13. a3 Qd7 14. Ne3 Nxe3 15. fxe3 Rad8 16. b4 a6 17. Bc3 Bd5 18. Bh3 Be6 19. a4 Qd6 20. b5 axb5 21. axb5 Ne7 22. Qb2 e4 23. dxe4 fxe4 24. Bxe6+ Qxe6 25. Nd4 Qd7 26. Qc2 Nd5 1/2-1/2